000 00535nam a2200193Ia 4500
008 151119s9999||||xx |||||||||||||| ||und||
082 _a920.7
082 _bGKKV748
100 _aप्रफुल्लदत्त
245 _aमृणालपत्रे
260 _a--
260 _b--
260 _c0
600 _aप्रफुल्लदत्त
630 _aमृणालपत्रे
700 _aप्रफुल्लदत्त
730 _aमृणालपत्रे
942 _cBOOK
999 _c1057420
_d1057417